00809nam a2200205 a 450000100100000000500170001000800410002704000250006810000360009324500640012926000500019330000270024349000320027050400270030283000320032904900090036195201050037095201110047599900170058600002582720200930024059.0110223s19uu dr 000 0 spa d aDO-SdBNPbspacBNPHU1 aCastro Sánchez, Rafael95265910aPsicología mujer y sociedad / :bRafael Castro Sánchez. aSanto Domingo :bEditorial Cardenal,c[199?]. a61 p. :bil. ;c22 cm.1 aPsicología y gentevno. 3 aBibliografía : p. 61 0aPsicología y gente952660 aBNPD 0010718PDaPDbPDcCTd2011-02-23iLF1l0o p25827-10r2020-06-25w2020-06-25yLFPDZNo se presta 0010718PDaPDbPDcCTd2011-02-23iLF1l0o p25827-20r2020-06-25te. 2w2020-06-25yLFPDZNo se presta c25319d25319